| 000 | 00557nam a2200181 a 4500 | ||
|---|---|---|---|
| 005 | 20250116063825.0 | ||
| 008 | 991125s1948 fr 000 0 fre u | ||
| 035 | _aUPN01000002973 | ||
| 049 | _aCG | ||
| 050 | 4 |
_aL10 _bI69 no.108 |
|
| 245 | 0 | 0 | _aAnnuaire international de l'education et de l'enseignement 1948. |
| 260 |
_aGinebra : _bInternational Bureau of Education, _c1948. |
||
| 300 | _a312 p. | ||
| 440 | 0 |
_aBureau International d'Education. _pPublication ; _v108 |
|
| 650 | 4 |
_aEducación _vAnuarios _96599 |
|
| 650 | 4 |
_aEducación _9682 |
|
| 905 | _aLibro | ||
| 999 |
_c2973 _d2973 |
||